Things That You May Find a Hole In Quiz Stats

Quiz not verified by Sporcle

Challenge
Share
Tweet
Embed
Score 0/31 Timer 10:00
0 Plays Today
Hint Thing % Correct
FoodDonut
78.6%
BodyEar
78.6%
ClothingShirt
64.3%
ClothingPants
64.3%
BodyMouth
54.8%
FoodBagel
52.4%
BodyBackside
40.5%
ClothingSock
35.7%
VehicleTire
35.7%
BodyHeart
19%
Etc.Window
14.3%
Etc.Balloon
11.9%
FoodCereal
11.9%
BodyTooth
9.5%
FoodMilk
9.5%
Etc.Cowlick
7.1%
Hint Thing % Correct
FoodCup
7.1%
Etc.Cartoon
7.1%
FoodApple
2.4%
Etc.Space
2.4%
Etc.Ant Home
0%
Etc.Yard
0%
Etc.Paper
0%
Etc.Walls
0%
VehicleGas Tank
0%
Etc.Pipes
0%
Etc.Contract
0%
FoodSaltines
0%
Etc.Bug Screen
0%
Etc. Hairspray
0%
FoodSauteed Shrimp
0%

You're not logged in!

Compare scores with friends on all Sporcle quizzes.
Sign Up with Email
OR
Log In

You Might Also Like...

Show Comments

Extras

Top Quizzes Today


Score Distribution

Your Account Isn't Verified!

In order to create a playlist on Sporcle, you need to verify the email address you used during registration. Go to your Sporcle Settings to finish the process.